| 000 | 00557nam a2200205Ia 4500 | ||
|---|---|---|---|
| 005 | 20240212114111.0 | ||
| 008 | 131103s9999 xx 000 0 und d | ||
| 020 |
_a812610998x _cRs 400 |
||
| 040 | _aLoreto College | ||
| 041 | _aEnglish | ||
| 082 |
_a351 _bJEN |
||
| 100 | _aJena, Saroj Kumar | ||
| 245 |
_aFundamentals of Public Administration _cBy Saroj Kumar Jena |
||
| 260 |
_aNew Delhi _bAnmol Publications Pvt. Ltd. _c2001 |
||
| 300 | _aix,282p | ||
| 504 | _aIncludes index | ||
| 650 | _aPublic Administration | ||
| 850 | _aLCLIB | ||
| 942 | _cBK | ||
| 999 |
_c5274 _d55753 |
||